000 00426nam a2200181Ia 4500
003 OSt
005 20220720112316.0
008 210210b1959 xxu||||| |||| 00| 0 eng d
040 _cAL
041 _aeng
082 _a516/101
100 _aPRASAD (P)
_951708
245 _aElementary vector analysis
260 _aPatna
_bScientific Book Company
_c1959
690 _aGeometry
_951709
906 _a007817
942 _2ddc
_cBK
999 _c140676
_d140676